| 000 | 01375nam a2200289 4500 | ||
|---|---|---|---|
| 003 | OSt | ||
| 005 | 20211025120823.0 | ||
| 008 | s2000 le fre u | ||
| 040 | _aLB-BrCRDP | ||
| 082 | 1 |
_aGéo. _bEB9.GUI. |
|
| 100 | 1 | _aELKHOURY, SIHAM | |
| 245 | 1 | 0 |
_aجغرافية لبنان والعالم العربي الدليل التربوي التعليم الأساسي السنة التاسعة _cSIHAM ELKHOURY, TONI SASSINE, GEORGES ELFREN, SALMAN ZEIN EDDINE, GHAZWANE HLEYHEL |
| 250 | _a1re éd.2000.2e éd.2001. | ||
| 260 |
_aBeyrouth _bCentre de Recherche et de Développement Pédagogiques _c2000 |
||
| 260 |
_aBeyrouth _bLibrairie du Liban Publishers _c2000 |
||
| 300 |
_a85p. _bCouverture blanche et bleue illustration noir et blanc _c27*19cm. |
||
| 490 | 1 | _aLe Livre Scolaire National | |
| 650 | _aالتربية والتعليم -- الجغرافيا -- الدليل التربوي -- التعليم الاأساسي -- السنة التاسعة | ||
| 650 | _aالجغرافيا -- الدليل التربوي -- التعليم الاأساسي -- السنة التاسعة | ||
| 700 | 1 | _aSASSINE, TONI | |
| 700 | 1 | _aELFREN, GEORGES | |
| 700 | 1 | _aEDDINE, SALMAN ZEIN | |
| 700 | 1 | _aHLEYHEL, GHAZWANE | |
| 830 | 0 |
_aLe Livre Scolaire National _pNouveau Programme |
|
| 942 |
_cBK _2ddc |
||
| 999 |
_c5858 _d5858 |
||